| 000 | 01008nam a22002897a 4500 | ||
|---|---|---|---|
| 001 | BR8702858 | ||
| 003 | BR-BrBNA | ||
| 005 | 20230928092537.0 | ||
| 007 | ta | ||
| 008 | 230509b bl.||||| |||| 00| 0 por d | ||
| 040 |
_aBR-BrBNA _bpor _cBiblioteca Nacional de Agricultura |
||
| 041 | _a(Por) | ||
| 072 |
_aE50; C10; E12 _b/G514 |
||
| 090 | _ E50 BR8702858 | ||
| 100 | 1 | _aSilveira, L.L. | |
| 110 | 1 |
_aUniversidade Federal de Minas Gerais, Belo Horizonte (Brasil). Faculdade de Educacao _0Tese (Mestre em Educacao) _910848 |
|
| 245 | 1 | _aRelacoes de trabalho e educacao em area rural estudo de caso. Morro do Ferro - MG [Minas Gerais] | |
| 260 | 3 |
_aBelo Horizonte, MG (Brasil): _c1982. |
|
| 300 | _a138 p. | ||
| 500 | _aSummaries (Eng, Por). (*) Documento disponível na(o) UFMG, Belo Horizonte, MG (Brazil). Biblioteca Central | ||
| 650 | _aENSINO AGRICOLA | ||
| 650 | _aTRABALHADOR RURAL | ||
| 650 | _aESCOLA | ||
| 650 | _aMINAS GERAIS | ||
| 909 |
_a202309 _bLucia _c55 _dLucia Elande |
||
| 942 | _cBK | ||
| 999 |
_c39713 _d39713 |
||